000 00215 a2200097 4500
001 1219
100 _aRicardo,S,H.R
245 _aHigh speedinternal combustion engines
260 _a
_bHavreap
_c
090 _c781
_d781
942 _aNUST-CAE
_cM
_c34500
999 _c236292
_d236292